| 000 | 00651nam a22001457a 4500 | ||
|---|---|---|---|
| 020 | _a978-0-689-86146-8 | ||
| 082 |
_a823 _bKEE/N |
||
| 100 | _aKEENE, CAROLYN | ||
| 245 | _aNANCY DREW - DANGER ON THE GREAT LAKES | ||
| 260 |
_aNEW YORK _bALADDIN PAPERBACKS _c2003 |
||
| 300 | _a152 | ||
| 520 | _aTheir new friend Amber is upset because her boyfriend, Craig, is neglecting her. After a little investigating on her friend's behalf, Nancy learns that Craig is really a detective. He's been busy hunting for a mastermind diamond thief who may well be on the ship. And it turns out Craig can use some help. | ||
| 650 |
_aMYSTERY _zUNITED STATES |
||
| 942 | _cBK | ||
| 999 |
_c7884 _d7884 |
||